Exchange rate targets and currency bands

Guardado en:
Detalles Bibliográficos
Autor Corporativo: Centre for Economic Policy Research
Otros Autores: Krugman, Paul, Miller, Marcus
Formato: Libro
Lenguaje:inglés
Publicado: Cambridge Cambridge University Press 1992
Materias:
Etiquetas: Agregar Etiqueta
Sin Etiquetas, Sea el primero en etiquetar este registro!

MARC

LEADER 00000nam$a2200000$$$4500
001 0045166
005 20221221131009.8
020 |a 0-521-43526-9 
041 0 |a eng 
044 |a GB 
245 1 0 |a Exchange rate targets and currency bands  |c edited by Paul Krugman and Marcus Miller 
264 1 |a Cambridge  |b Cambridge University Press  |c 1992 
300 |a 247 s. 
610 2 0 |a kurz devízový 
610 2 0 |a rozpätie kurzové 
610 2 0 |a kurz menový 
610 2 0 |a modelovanie 
610 2 0 |a intervencie devízové 
700 1 |a Krugman, Paul 
700 1 |a Miller, Marcus 
710 2 |a Centre for Economic Policy Research